Спасти и сохранить. Музейная реставрация 2009-2019 (Запись № 11422239)

Подробности
000 -МАРКЕР
контрольное поле 03612nam0a2200529 4500
001 - ИДЕНТИФИКАТОР ЗАПИСИ
контрольное поле RU\NLR\BIBL_A\012321158
005 - ИДЕНТИФИКАТОР ВЕРСИИ
контрольное поле 20220728181324.0
010 ## - МЕЖДУНАРОДНЫЙ СТАНДАРТНЫЙ НОМЕР КНИГИ (ISBN)
Номер (ISBN) 978-5-907215-22-1
Тираж 250
021 ## - НОМЕР ГОСУДАРСТВЕННОЙ РЕГИСТРАЦИИ
Код страны Российская Федерация
Номер АЛ-П-20-00302и
Номер Листа государственной регистраци АЛ-П-20-0057
035 ## - ДРУГИЕ СИСТЕМНЫЕ НОМЕРА
Идентификатор записи (NLR Aleph) 012321158
035 ## - ДРУГИЕ СИСТЕМНЫЕ НОМЕРА
Идентификатор записи (RuMoRGB)010334372
100 ## - ДАННЫЕ ОБЩЕЙ ОБРАБОТКИ
Данные общей обработки 20200826d2019 u y0rusy50 ca
101 0# - ЯЗЫК РЕСУРСА
Язык текста, звукозаписи и т.д. русский
102 ## - СТРАНА ПУБЛИКАЦИИ ИЛИ ПРОИЗВОДСТВА
Страна публикации Российская Федерация
105 ## - ПОЛЕ КОДИРОВАННЫХ ДАННЫХ: ТЕКСТОВЫЕ МАТЕРИАЛЫ, МОНОГРАФИЧЕСКИЕ
Кодированные данные о монографическом текстовом документе ac||b|||000zy
181 #0 - ПОЛЕ КОДИРОВАННЫХ ДАННЫХ: ВИД СОДЕРЖАНИЯ
Код вида содержания (ISBD) i
Код характеристики содержания (ISBD) axxe
182 #0 - ПОЛЕ КОДИРОВАННЫХ ДАННЫХ: ТИП СРЕДСТВА
Код типа средства (ISBD) n - непосредственное
200 1# - ЗАГЛАВИЕ И СВЕДЕНИЯ ОБ ОТВЕТСТВЕННОСТИ
Основное заглавие Спасти и сохранить. Музейная реставрация 2009-2019
Сведения, относящиеся к заглавию методики и результаты
-- темперная, масляная живопись и декоративно-прикладное искусство XVII - первой половины XX века из собрания Челябинского государственного музея изобразительных искусств
-- альбом-каталог [выставки
Первые сведения об ответственности автор вступительной статьи, составитель каталога и указателей: Ю.Л. Алфёрова
Последующие сведения об ответственности вступительное слово: С.О. Ткаченко]
203 ## - ВИД СОДЕРЖАНИЯ И ТИП СРЕДСТВА
Вид содержания Текст
Дополнительные сведения об издании визуальный
Тип средства непосредственный
210 ## - ПУБЛИКАЦИЯ, РАСПРОСТРАНЕНИЕ И ДР.
Место издания, распространения и т.д. Челябинск
Имя издателя, распространителя и т. д. [б. и.]
Дата издания, распространения и т.д. 2019
215 ## - ФИЗИЧЕСКАЯ ХАРАКТЕРИСТИКА
Специфическое обозначение материала и объем 127 с.
Другие сведения о физической характеристике ил., цв. ил., портр.
Размеры 29
300 ## - ОБЩИЕ ПРИМЕЧАНИЯ
Текст примечания На авантит. подзаг.: Из собрания Челябинского государственного музея изобразительных искусств
300 ## - ОБЩИЕ ПРИМЕЧАНИЯ
Текст примечания На обл. подзаг.: Темперная, масляная живопись и декоративно-прикладное искусство
320 ## - ПРИМЕЧАНИЯ О НАЛИЧИИ В ДОКУМЕНТЕ БИБЛИОГРАФИИ / УКАЗАТЕЛЯ
Текст примечания Библиогр.: с. 123-124 и в подстроч. примеч.
517 1# - ДРУГИЕ ВАРИАНТЫ ЗАГЛАВИЯ
Вариант заглавия Музейная реставрация 2009-2019
601 02 - НАИМЕНОВАНИЕ ОРГАНИЗАЦИИ КАК ПРЕДМЕТ
Начальный элемент ввода Челябинский государственный музей изобразительных искусств
Формальный подзаголовок Альбомы
Тематический подзаголовок Коллекция изобразительного искусства
Системный номер авторитетной/нормативной записи 2450587
Идентификатор авторитетной/нормативной записи RU\NLR\AUTH\6601674692
606 1# - НАИМЕНОВАНИЕ ТЕМЫ КАК ПРЕДМЕТ
Наименование темы Декоративно-прикладное искусство
Формальный подзаголовок Альбомы
Хронологический подзаголовок 17 - 20 вв.
Системный номер авторитетной/нормативной записи 2450595
Идентификатор авторитетной/нормативной записи RU\NLR\AUTH\6601674697
606 1# - НАИМЕНОВАНИЕ ТЕМЫ КАК ПРЕДМЕТ
Наименование темы Декоративно-прикладное искусство
Формальный подзаголовок Альбомы
Тематический подзаголовок Реставрация
Системный номер авторитетной/нормативной записи 2150330
Идентификатор авторитетной/нормативной записи RU\NLR\AUTH\661599771
606 1# - НАИМЕНОВАНИЕ ТЕМЫ КАК ПРЕДМЕТ
Наименование темы Живопись
Формальный подзаголовок Альбомы
Хронологический подзаголовок 17 - 20 вв.
Системный номер авторитетной/нормативной записи 2510236
Идентификатор авторитетной/нормативной записи RU\NLR\AUTH\661488189
606 1# - НАИМЕНОВАНИЕ ТЕМЫ КАК ПРЕДМЕТ
Наименование темы Живопись
Формальный подзаголовок Альбомы
Тематический подзаголовок Реставрация
Системный номер авторитетной/нормативной записи 1051693
Идентификатор авторитетной/нормативной записи RU\NLR\AUTH\66406614
686 1# - ИНДЕКСЫ ДРУГИХ КЛАССИФИКАЦИЙ
Индекс Щ101.3(2Р=Рус)-2Челябинск2Государственный музей изобразительных искусств я61
686 1# - ИНДЕКСЫ ДРУГИХ КЛАССИФИКАЦИЙ
Индекс Щ123(0)я61
686 1# - ИНДЕКСЫ ДРУГИХ КЛАССИФИКАЦИЙ
Индекс Щ120.83я61
686 1# - ИНДЕКСЫ ДРУГИХ КЛАССИФИКАЦИЙ
Индекс Щ143(0)я61
686 1# - ИНДЕКСЫ ДРУГИХ КЛАССИФИКАЦИЙ
Индекс Щ140.83я61
702 #1 - ИМЯ ЛИЦА - ВТОРИЧНАЯ ОТВЕТСТВЕННОСТЬ
Начальный элемент ввода Алфёрова
Часть имени, кроме начального элемента ввода Ю. Л.
Код отношения Составитель
711 02 - НАИМЕНОВАНИЕ ОРГАНИЗАЦИИ - АЛЬТЕРНАТИВНАЯ ОТВЕТСТВЕННОСТЬ
Начальный элемент ввода Челябинский государственный музей изобразительных искусств
Системный номер авторитетной/нормативной записи 353279
Идентификатор авторитетной/нормативной записи RU\NLR\AUTH\8810234048
711 12 - НАИМЕНОВАНИЕ ОРГАНИЗАЦИИ - АЛЬТЕРНАТИВНАЯ ОТВЕТСТВЕННОСТЬ
Начальный элемент ввода "Спасти и сохранить. Музейная реставрация 2009/2019: методики и результаты", выставка
Место проведения временной организации Челябинск
Дата проведения временной организации 2019
Системный номер авторитетной/нормативной записи 712465
Идентификатор авторитетной/нормативной записи RU\NLR\AUTH\880525468
942 ## - ДОПОЛНИТЕЛЬНЫЕ ЭЛЕМЕНТЫ ЗАПИСИ (АБИС)
Тип экземпляра АБИС Книга
980 ## - КОЛЛЕКЦИЯ
Название коллекции НБР
980 ## - КОЛЛЕКЦИЯ
Название коллекции Национальная библиография

Нет доступных экземпляров.